Indian administration (Record no. 666)
[ view plain ]
| 000 -LEADER | |
|---|---|
| fixed length control field | 00954 a2200229 4500 |
| 008 - FIXED-LENGTH DATA ELEMENTS--GENERAL INFORMATION | |
| fixed length control field | 080820t xxu||||| |||| 00| 0 eng d |
| 010 ## - LIBRARY OF CONGRESS CONTROL NUMBER | |
| LC control number | ENG-84893 |
| 020 ## - INTERNATIONAL STANDARD BOOK NUMBER | |
| International Standard Book Number | 8177589296 |
| Terms of availability | 650.00 |
| 035 ## - SYSTEM CONTROL NUMBER | |
| System control number | EN-68426 |
| 037 ## - SOURCE OF ACQUISITION | |
| Source of stock number/acquisition | D.B.Act / Pub |
| 082 ## - DEWEY DECIMAL CLASSIFICATION NUMBER | |
| Classification number | 350 |
| 100 ## - MAIN ENTRY--PERSONAL NAME | |
| Personal name | Prasad, Kamala. |
| 245 ## - TITLE STATEMENT | |
| Title | Indian administration |
| Remainder of title | politics, policies, and prospects |
| Statement of responsibility, etc | Kamala Prasad. |
| 260 ## - PUBLICATION, DISTRIBUTION, ETC. (IMPRINT) | |
| Place of publication, distribution, etc | Delhi |
| Name of publisher, distributor, etc | Pearson Longman, |
| Date of publication, distribution, etc | 2006. |
| 270 ## - ADDRESS | |
| Address | 482, F.I.E., Patparganj |
| City | Delhi |
| State or province | Delhi |
| Postal code | 110092 |
| 300 ## - PHYSICAL DESCRIPTION | |
| Extent | xviii, 406 p. |
| Dimensions | 24 cm. |
| 500 ## - GENERAL NOTE | |
| General note | Includes bibliographical references and index |
| 650 ## - SUBJECT ADDED ENTRY--TOPICAL TERM | |
| Topical term or geographic name as entry element | Public administration |
| Geographic subdivision | India. |
| 942 ## - ADDED ENTRY ELEMENTS (KOHA) | |
| Institution code [OBSOLETE] | dpl |
| Koha item type | English Books |
| Call number prefix | 350 / PRA |
| Source of classification or shelving scheme | Dewey Decimal Classification |
| Classification part | 350 |
| Call number suffix | PRA |
| Withdrawn status | Lost status | Damaged status | Not for loan | Home library | Current library | Date acquired | Cost, normal purchase price | Total Checkouts | Full call number | Barcode | Date last seen | Copy number | Uniform Resource Identifier | Cost, replacement price | Price effective from | Koha item type | Source of classification or shelving scheme | Collection code | Shelving location |
|---|---|---|---|---|---|---|---|---|---|---|---|---|---|---|---|---|---|---|---|
| D.B.Act.Division | D.B.Act.Division | 20/08/2008 | 650.00 | 350 PRA | EN-68426 | 15/09/2008 | 1 | 648 | 650.00 | 15/09/2008 | English Books | ||||||||
| Sarojini Nagar | Sarojini Nagar | 06/06/2012 | 650.00 | 350.000954 PRA | B-225960 | 06/06/2012 | 650.00 | 06/06/2012 | English Books | Dewey Decimal Classification | Non-fiction | General Stacks |
